[Event "East Devon op"]
[Site "Exeter"]
[Date "2007.02.25"]
[Round "4"]
[White "Bartlett, Simon"]
[Black "Aston, Philip A"]
[Result "1-0"]
[WhiteElo "1800"]
[BlackElo "1384"]
[PlyCount "85"]
[EventDate "2007.02.23"]
[EventType "swiss"]
[EventRounds "5"]
[EventCountry "ENG"]
[SourceTitle "CBM 117 Extra"]
[Source "ChessBase"]
[SourceDate "2007.05.09"]
[SourceVersion "1"]
[SourceVersionDate "2007.05.09"]
[SourceQuality "1"]

1. e4 e5 2. Nf3 Nc6 3. Bb5 a6 4. Bxc6 dxc6 5. 0-0 Bd6 6. d4 f6 7. dxe5 fxe5 8. Nxe5 Nf6 9. Nf3 Nxe4 10. Re1 0-0 11. Qd3 Nf6 12. Bg5 Kh8 13. Nbd2 Bg4 14. h3 Bh5 15. Qb3 b5 16. Ne4 Qd7 17. Nxf6 gxf6 18. Bh4 c5 19. Qc3 Qg7 20. Re6 Be7 21. Rae1 b4 22. Qe3 Bxf3 23. Qxf3 Rae8 24. Qc6 Qh6 25. Bxf6+ Rxf6 26. Qxe8+ Bf8 27. Rxf6 Qxf6 28. Qe5 Qxe5 29. Rxe5 Bd6 30. Re8+ Kg7 31. Ra8 Be5 32. b3 a5 33. Rxa5 Bd6 34. Kf1 Kf6 35. Ke2 h5 36. Kd3 h4 37. Ra8 Ke6 38. Rh8 Be7 39. g3 Kf5 40. Rh5+ Ke6 41. g4 Bd6 42. Kc4 Be7 43. Rxc5 1-0

[Event "Torquay op"]
[Site "Torquay"]
[Date "2006.11.26"]
[Round "4"]
[White "White, Ernest Michael"]
[Black "Bartlett, Simon"]
[Result "1/2-1/2"]
[WhiteElo "1960"]
[BlackElo "1800"]
[PlyCount "106"]
[EventDate "2006.11.24"]
[EventType "swiss"]
[EventRounds "5"]
[EventCountry "ENG"]
[SourceTitle "EXT 2008"]
[Source "ChessBase"]
[SourceDate "2007.11.25"]
[SourceVersion "1"]
[SourceVersionDate "2007.11.25"]
[SourceQuality "1"]

1. f4 Nf6 2. Nf3 d5 3. g3 g6 4. Bg2 Bg7 5. 0-0 0-0 6. a3 c6 7. d4 Bf5 8. Nbd2 Nbd7 9. Nh4 Be4 10. Bh3 Qb6 11. Ndf3 e6 12. Ne5 c5 13. e3 Rac8 14. c3 cxd4 15. exd4 Nxe5 16. fxe5 Nd7 17. Rf2 f6 18. exf6 Nxf6 19. Qe2 Rce8 20. Be3 Qc6 21. Raf1 Qc4 22. Qxc4 dxc4 23. Bg5 Nd5 24. Rxf8+ Bxf8 25. Re1 h6 26. Rxe4 hxg5 27. Rxe6 Rxe6 28. Bxe6+ Kg7 29. Bxd5 gxh4 30. Bxc4 hxg3 31. hxg3 Kf6 32. Bd3 Bh6 33. a4 Bc1 34. b3 Bb2 35. Bc4 Bxc3 36. d5 Bb4 37. Kf2 Ke5 38. Kf3 b6 39. Kg4 Bd2 40. Bd3 g5 41. Bc4 a5 42. Kh5 Be3 43. Kg6 Bd2 44. Kf7 Kd6 45. Kf6 Be3 46. Kf5 Bd2 47. Ke4 Be1 48. g4 Bd2 49. Bd3 Be1 50. Kd4 Bd2 51. Bf5 Bf4 52. Kc4 Be3 53. Be6 Bc1 1/2-1/2